000 00568nam a2200193Ia 4500
999 _c22752
_d22752
003 OSt
005 20200319154630.0
008 190216s9999||||xx |||||||||||||| ||und||
020 _a9788182712010
040 _coclc
082 _a297
_bKAR/M
100 _a Karakunnu, Sheikh Mohammed
_91839
245 0 _aMathttinte Maanushika Mukham /
_cSheikh Mohammed Karakunnu
250 _a3rd ed.
260 _bIslamic Publishing House,
_aKozhikode:
_c2006.
300 _a87p
650 _aIslamic History
942 _cBK
_2ddc
_h297
_iKAR/M
_k297
_mKAR/M